Adelantos en microbiología y enfermedades infecciosas /
Guardado en:
| Otros Autores: | , , |
|---|---|
| Formato: | Libro |
| Idioma: | Spanish |
| Publicado: |
Buenos Aires,
1983.
|
| Etiquetas: |
Agregar Etiqueta
Sin Etiquetas, Sea el primero en etiquetar este registro!
|
| LEADER | 00644nam a22001815a 4500 | ||
|---|---|---|---|
| 001 | EUN.um026821 | ||
| 008 | 041125s1983####ag############000#0#spa#d | ||
| 005 | 20080228143412.0 | ||
| 245 | 0 | 0 | |a Adelantos en microbiología y enfermedades infecciosas / |c Celia E. Coto, José Esparza, Ramón A. de Torres. |
| 260 | |a Buenos Aires, |c 1983. | ||
| 300 | |a v. | ||
| 020 | |a 9505624328 | ||
| 700 | 1 | |a Coto, Celia E. |e edición. | |
| 700 | 1 | |a Esparza, José |e edición. | |
| 700 | 1 | |a de Torres, Ramón A. |e edición. | |
| 082 | 0 | 4 | |a 576 |
| 859 | |a Ar-BaUNS |b BIB. CENTRAL - Sector C |h 576 |i C826 |p 95062/988 |v v.4 | ||
| 859 | |a Ar-BaUNS |b Dto. Agronomia |h 576 |i C826 |p 95064/988 |t Ej.3 |v v.4 | ||
